00885nam a22002297a 4500003000900000008004100009040007100050082001700121100001700138110005800155245003000213260002600243300004100269505017800310650002900488650002900517650002500546700001900571700002000590700002200610700002300632AR-CdUCM190304b ||||| |||| 00| 0 spa d aMUNICIPALIDAD PROVINCIAL DEL CUSCOcBIBLIOTECA MUNICIPAL DEL CUSCO a376.1 /bM61 aMayer, Roger aMinisterio de educación INIDE Agusto Salazar Bondy aEducación por el arte / aLima :bINIDE,c1976. a231 páginas ;bgráficos.c20 cm. aArtes plásticas -- Sugerencias practicas para las actividades de artes plásticas -- Importancia de la educación musical -- El arte dramático y su valor educativo... aEducación artística. aPedagogía artística. aEducación inicial. aSchlegel, Rolf aFernandez, Hugo aFalcon R, Emilia aNeukirch, Heinrich